00789nam a22002057a 450000500170000001000150001702000260003203500140005803700090007208200120008124501020009325000060019526000460020127000810024730000230032870000330035194200260038499900190041095201540042920250616153441.0 aENG-145360 c850.00a9789390627035 aEN-128892 bDBAD a304.809 aRural Development: Prospects Opportunities and Challenges for New India/cEdited By Purnima SIngh a1 bKrishna Publication HouseaGujaratc2021 aNo.303 YashKunj Apartment, Devbaug, Anantwadi, BhavnagarbGujarat e3640002 a201p.c22 cm (pbk) aPurnima SingheEditor982073 2ddccENh304.809mRUR c211834d211834 001040708NFICaMbMd2025-06-16eDelivery of Books Act Divisiong850.00l0o304.809 RURpEN-128892r2025-06-16 00:00:00t1v850.00w2025-06-16yEN